00260nam a2200097Ia 4500001000800000005001700008008004100025020001800066245005900084260001900143127603620260417160439.0260417s9999 xx 000 0 und d a9786257854139 0aMeraklı Sorular Eğlenceli CevaplarcMehmet Demirhan bKetebe Çocuk